000 00789nam a2200241 a 4500
003 OSt
005 20250523113142.0
008
020 _a9780124115088 (paperback)
040 _cNUST
100 1 _aBlass, Benjamin, E.
245 1 0 _aBasic principles of drug discovery and development /
_cBenjamin, E. Blass.
260 _aLondon :
_bAcademic Press,
_c2015.
300 _axv, 574 pages :
_billustrations (some colour) ;
_c23 cm.
336 _atext
_btxt
_2rdacontent
337 _aunmediated
_bn
_2rdamedia
338 _aVolume
_bnc
_2rdacarrier
504 _aIncludes bibliographical references.
650 _aDrug Development
650 _aDrug Discovery
907 _a.b10399963
_b28-02-22
_c23-03-21
942 _cBOOKS
_kRM301.25
_mBLA
_2ddc
999 _c97766
_d97766